BIBLIOTECA PODER JUDICIAL
Portal Judicial TDF

Alimentos y socioafectividad : (Registro nro. 6213)

000 -LEADER
fixed length control field 01234nab a22002417a 4500
003 - CONTROL NUMBER IDENTIFIER
control field OSt
005 - DATE AND TIME OF LATEST TRANSACTION
control field 20260125234414.0
008 - FIXED-LENGTH DATA ELEMENTS--GENERAL INFORMATION
fixed length control field 190514b xxu||||| |||| 00| 0 spa d
040 ## - CATALOGING SOURCE
Transcribing agency PJ
100 ## - MAIN ENTRY--PERSONAL NAME
9 (RLIN) 6664
Personal name Moine, Pablo David
245 13 - TITLE STATEMENT
Title Alimentos y socioafectividad :
Remainder of title una aproximación a la obligación alimentaria a cargo del progenitor afín /
Statement of responsibility, etc Pablo David Moine.
300 ## - PHYSICAL DESCRIPTION
Extent p. 62-66
500 ## - GENERAL NOTE
General note Cita: TR LALEY AR/DOC/1515/2024.
505 ## - FORMATTED CONTENTS NOTE
Formatted contents note Sumario: I. Introducción.— II. Acerca de la controversia objeto del juicio.— III. La obligación alimentaria en el marco de las diversas realidades familiares.— IV. Una aproximación a la situación del progenitor afín en materia de alimentos.— V. Conclusiones.
505 ## - FORMATTED CONTENTS NOTE
Title Fallo comentado: CFamilia 2a Nom., Córdoba ~ 14/08/2023 ~ C., Y. A. c. V., D. E. s/ cuerpo de apelación.
650 #0 - SUBJECT ADDED ENTRY--TOPICAL TERM
9 (RLIN) 967
Topical term or geographic name as entry element DERECHO DE FAMILIA
650 #0 - SUBJECT ADDED ENTRY--TOPICAL TERM
9 (RLIN) 968
Topical term or geographic name as entry element ALIMENTOS
650 #0 - SUBJECT ADDED ENTRY--TOPICAL TERM
9 (RLIN) 4103
Topical term or geographic name as entry element PROGENITOR AFIN
650 #0 - SUBJECT ADDED ENTRY--TOPICAL TERM
9 (RLIN) 1134
Topical term or geographic name as entry element VIOLENCIA FAMILIAR
650 #0 - SUBJECT ADDED ENTRY--TOPICAL TERM
9 (RLIN) 1057
Topical term or geographic name as entry element JURISPRUDENCIA APLICABLE
773 0# - HOST ITEM ENTRY
Host Biblionumber 2844
Host Itemnumber 3222
Place, publisher, and date of publication Buenos Aires : AbeledoPerrot, 1989-
Title Derecho de familia. Revista Interdisciplinaria de doctrina y jurisprudencia. Agosto 2024-IV.
International Standard Book Number 18511201
942 ## - ADDED ENTRY ELEMENTS (KOHA)
Source of classification or shelving scheme
Koha item type Analítica Artículo de Revista

No hay ítems disponibles.

12 de Octubre 789 Ushuaia - Tel:  54(02901)441571
Horario de Atención: 8.00 a 17.00 hs. 
bibliotecaush@justierradelfuego.gov.ar
koha@justierradelfuego.gov.ar
Seguinos en nuestras redes @bibliojustdf 

Con tecnología Koha